[Event "Em português :)"]
[Site "http://www.queenalice.com/game.php?id=445099"]
[Date "2008.8.7"]
[Round "-"]
[White "sandokan"]
[Black "MARAGATO"]
[Result "0-1"]
[WhiteElo "1256"]
[BlackElo "1082"]

1. e4 Nf6 2. Bd3 g6 3. Nf3 Nc6 4. O-O Bg7 5. Nc3 e5 6. Ng5 Nd4 7. b4 d5 8. Bb5+
Nxb5 9. Nxb5 Bh6 10. Nf3 Bg4 11. d3 dxe4 12. Bxh6 exf3 13. c4 Qe7 14. gxf3 Bh3
15. a3 Bxf1 16. Kxf1 Ng8 17. Bg7 Nh6 18. Bxh6 f5 19. d4 Rd8 20. c5 exd4 21. Qxd4
Rxd4 22. Nxd4 b6 23. c6 a5 24. b5 Qd6 25. Rd1 Kd8 26. Bg5+ Kc8 27. f4 Qxa3 28.
f3 h6 29. Bf6 Rg8 30. Nc2 Qxf3+ 31. Ke1 Qxf4 32. Rd2 a4 33. Bd4 Re8+ 34. Re2
Rxe2+ 35. Kxe2 Qxh2+ 36. Bf2 Qe5+ 37. Be3 Qxb5+ 38. Kf3 Qxc6+ 39. Kg3 Qxc2 40.
Bxh6 a3 0-1

[Event "Challenge"]
[Site "http://www.queenalice.com/game.php?id=446557"]
[Date "2008.8.10"]
[Round "-"]
[White "Aldino"]
[Black "sandokan"]
[Result "1-0"]
[WhiteElo "1683"]
[BlackElo "1240"]

1. e4 e5 2. Nf3 Nf6 3. d3 Bb4+ 4. Bd2 Qe7 5. a3 Bc5 6. b4 Bd4 7. Bc3 Bxc3+ 8.
Nxc3 Nc6 9. Be2 O-O 10. O-O b6 11. Nb5 Qd8 12. c4 Nd4 13. Nbxd4 exd4 14. Nxd4 c6
15. a4 d5 16. e5 Ne8 17. Bf3 dxc4 18. Nxc6 Qd7 19. Ne7+ Qxe7 20. Bxa8 Qxe5 21.
dxc4 Nc7 22. Bf3 Re8 23. Qd2 Qe6 24. Rac1 Bd7 25. Rfe1 Qc6 26. Bxc6 Bxc6 27.
Rxe8+ Nxe8 28. Qd8 Kf8 29. b5 Be4 30. Re1 f5 31. f3 Bc2 32. Qxe8# 1-0

[Event "Challenge"]
[Site "http://www.queenalice.com/game.php?id=446909"]
[Date "2008.8.11"]
[Round "-"]
[White "pawn3"]
[Black "sandokan"]
[Result "0-1"]
[WhiteElo "1388"]
[BlackElo "1213"]

1. e4 e5 2. Nf3 Nf6 3. d3 Bd6 4. Nc3 O-O 5. Bg5 Nc6 6. Nd5 b5 7. Nh4 Rb8 8. Qf3
Bb4+ 9. c3 Bc5 10. Nf5 Qe8 11. Bxf6 Qe6 12. Bxg7 Nd4 13. cxd4 Bd6 14. dxe5 Bxe5
15. Nfe7+ Kxg7 16. Nf5+ Kg6 17. Nde7+ Kf6 18. Nd4+ Kxe7 19. Nxe6 Kxe6 20. Rb1 b4
21. Be2 c5 22. O-O Rg8 23. Qh3+ Kf6 0-1

[Event "Challenge"]
[Site "http://www.queenalice.com/game.php?id=446910"]
[Date "2008.8.11"]
[Round "-"]
[White "sandokan"]
[Black "pawn3"]
[Result "0-1"]
[WhiteElo "1240"]
[BlackElo "1719"]

1. e4 e5 2. Nf3 Nc6 3. Bd3 Nf6 4. O-O d6 5. Nc3 Bg4 6. a3 Nd4 7. b4 Nh5 8. Ra2
Nf4 9. Bb5+ c6 10. Bc4 Qf6 11. Qe1 Bxf3 12. gxf3 Nxf3+ 13. Kh1 Nxe1 14. Rxe1 Nh3
15. Kg2 Qxf2+ 16. Kxh3 Qxe1 17. Ra1 Qf2 18. Bd3 Be7 19. Na4 Qf3# 0-1

[Event "Challenge"]
[Site "http://www.queenalice.com/game.php?id=448886"]
[Date "2008.8.15"]
[Round "-"]
[White "shogun"]
[Black "sandokan"]
[Result "1-0"]
[WhiteElo "2534"]
[BlackElo "1256"]

1. e4 c5 2. Nf3 d6 3. c3 Nf6 4. Bc4 e6 5. Qe2 Be7 6. d4 cxd4 7. cxd4 d5 8. exd5
exd5 9. Bb5+ Bd7 10. Ne5 O-O 11. Nxd7 Bb4+ 12. Nc3 Bxc3+ 13. bxc3 Nbxd7 14. O-O
Qa5 15. Rb1 Qxc3 16. Bxd7 Nxd7 17. Rxb7 Nf6 18. Qe7 Qxd4 19. Bb2 Qa4 20. Bxf6
gxf6 21. Qxf6 Qg4 22. Rb3 Qg6 23. Rg3 Rfc8 24. h4 Rc2 25. h5 Qxg3 26. fxg3 Rxa2
27. h6 Rxg2+ 28. Kxg2 Rb8 29. Qg7# 1-0

[Event "ChallengePT"]
[Site "http://www.queenalice.com/game.php?id=453609"]
[Date "2008.8.25"]
[Round "-"]
[White "sandokan"]
[Black "ttapada"]
[Result "1-0"]
[WhiteElo "1254"]
[BlackElo "1171"]

1. d4 d5 2. Nc3 e6 3. Nf3 h6 4. e3 c6 5. e4 Nf6 6. Bd3 Ng4 7. Ne5 Qf6 8. Qxg4 h5
9. Qf3 Na6 10. O-O Nb4 11. Qxf6 gxf6 12. Nf3 Bh6 13. exd5 exd5 14. a3 Nxd3 15.
cxd3 1-0

[Event "Challenge"]
[Site "http://www.queenalice.com/game.php?id=454775"]
[Date "2008.8.28"]
[Round "-"]
[White "MARAGATO"]
[Black "sandokan"]
[Result "1-0"]
[WhiteElo "1149"]
[BlackElo "1267"]

1. e4 e5 2. Nf3 Nf6 3. Nc3 Nc6 4. Bd3 Bd6 5. O-O Nd4 6. Ng5 Ng4 7. Qxg4 h6 8.
Nh3 Qg5 9. Nxg5 hxg5 10. Nb5 Rh4 11. Qxg5 Be7 12. Nxc7+ Kd8 13. Qxe5 Nxc2 14.
Bxc2 Bf6 15. Qg3 Rb8 16. d3 d6 17. Qxd6+ Bd7 18. e5 Rc8 19. Qf8+ Be8 20. Nxe8
Bxe5 21. Nxg7+ Kc7 22. Qc5+ Kb8 23. Qxe5+ Rc7 24. Bg5 b6 25. Bxh4 Kb7 26. Bb3
Rc6 27. Bd5 f6 28. Bxf6 a5 29. Bxc6+ Kxc6 30. Rac1+ Kb7 31. Bd8 a4 32. Qc7+ Ka6
33. Qxb6# 1-0

[Event "Challenge"]
[Site "http://www.queenalice.com/game.php?id=468499"]
[Date "2008.9.25"]
[Round "-"]
[White "MARAGATO"]
[Black "sandokan"]
[Result "0-1"]
[WhiteElo "1166"]
[BlackElo "1267"]

1. e4 g6 2. c3 d5 3. d4 dxe4 4. Bb5+ c6 5. Ba4 Nf6 6. Ne2 b5 7. Bb3 e6 8. O-O
Bd6 9. c4 bxc4 10. Bxc4 O-O 11. Nbc3 Ba6 12. Bxa6 Nxa6 13. d5 exd5 14. Bf4 Re8
15. Bxd6 Qxd6 16. Qd4 c5 17. Qa4 d4 18. Nb5 Qb6 19. Rac1 Rab8 20. b4 Qxb5 21.
Qxb5 Rxb5 22. a4 Rxb4 23. f3 Rxa4 24. fxe4 Nxe4 0-1

[Event "Challenge"]
[Site "http://www.queenalice.com/game.php?id=480588"]
[Date "2008.10.21"]
[Round "-"]
[White "Gambitshark"]
[Black "sandokan"]
[Result "1-0"]
[WhiteElo "2656"]
[BlackElo "1272"]

1. e4 c5 2. b4 cxb4 3. d4 e6 4. Bd3 Nc6 5. Nf3 d6 6. O-O Nf6 7. Bb2 Be7 8. Nbd2
O-O 9. h4 Bd7 10. e5 dxe5 11. dxe5 Ng4 12. Qe2 Bxh4 13. Qe4 f5 14. exf6 g6 15.
Nxh4 Nxf6 16. Qe2 Nd5 17. g3 Nc3 18. Qe3 Na4 19. Bc1 Qf6 20. Nb3 b6 21. Bd2 Nc3
22. f4 Nd5 23. Qe1 Rfc8 24. Nf3 a5 25. Ne5 Nxe5 26. fxe5 Qg7 27. Qe4 Nc3 28. Qf4
Rf8 29. Qd4 Rxf1+ 30. Bxf1 Nb5 31. Bxb5 Bxb5 32. Bg5 Qc7 33. Rc1 a4 34. Nd2 Qc3
35. Qxc3 bxc3 36. Ne4 Rc8 37. a3 Be2 38. Kf2 Ba6 39. Ke3 Bb7 40. Nd6 Rb8 41.
Nxb7 Rxb7 42. Kd4 Rf7 43. Bf6 Rc7 44. Rb1 Rc6 45. Rb4 h6 46. Rxa4 g5 47. Rc4
Rxc4+ 48. Kxc4 Kf7 49. g4 Kg6 50. Kb5 h5 51. gxh5+ Kxh5 52. Kxb6 g4 53. Be7 g3
54. Bc5 g2 55. a4 Kg4 56. a5 Kf5 57. a6 Kxe5 58. a7 g1=Q 59. Bxg1 Kf4 60. a8=Q
e5 61. Qc6 e4 62. Qxc3 Kf5 63. Bh2 Kg5 64. Qe5+ Kg4 65. Qxe4+ Kh3 66. Qf4 Kg2
67. c4 Kh1 68. Bg3 Kg2 69. c5 Kh3 70. c6 Kg2 71. c7 Kg1 72. Qf2+ Kh1 73. Qh2#
1-0

[Event "CEARÁ -CUBE DE GLORIA E TRADIÇ"]
[Site "http://www.queenalice.com/game.php?id=482489"]
[Date "2008.10.27"]
[Round "-"]
[White "jw16js"]
[Black "sandokan"]
[Result "0-1"]
[WhiteElo "1522"]
[BlackElo "1270"]

1. g3 c5 2. Bg2 g6 3. e3 e5 4. c4 Bd6 5. Nc3 Nf6 6. Nf3 Nc6 7. Nb5 Be7 8. Nc3 d6
9. Nb5 e4 10. Ng1 Ne5 11. Bf1 Be6 12. b3 Nd3+ 13. Bxd3 exd3 14. Qf3 d5 15. e4
dxe4 16. Qe3 O-O 17. Bb2 a6 18. Nc3 Bf5 19. h3 h5 20. g4 hxg4 21. hxg4 Nxg4 22.
Qh3 Bh4 23. Nd5 g5 24. Nf6+ Nxf6 25. Qxf5 e3 26. dxe3 d2+ 27. Kd1 Nh7 28. Bc3
Qc8 29. Qe5 f6 30. Qd5+ Kg7 31. Bxd2 Bxf2 32. Qd3 f5 33. Bc3+ Nf6 34. Nh3 Rd8
35. Bd4 cxd4 36. exd4 Rxd4 37. Qxd4 Bxd4 38. Rc1 Ne4 39. Ke2 Ng3+ 40. Kd3 Nxh1
41. Kxd4 Qe8 42. Rxh1 Qe4+ 43. Kc5 Qxh1 44. Nxg5 Kf6 45. Kb4 b6 46. c5 Qe1+ 47.
Kc4 Qc1+ 48. Kd5 Qxc5# 0-1

[Event "Brasil x Portugal"]
[Site "http://www.queenalice.com/game.php?id=496885"]
[Date "2008.11.22"]
[Round "-"]
[White "jw16js"]
[Black "sandokan"]
[Result "0-1"]
[WhiteElo "1525"]
[BlackElo "1296"]

1. e4 c6 2. Nc3 d5 3. e5 d4 4. Ne4 Qd5 5. Bd3 Bf5 6. Nf3 Bxe4 7. c4 dxc3 8. Qb3
cxb2 9. Bxb2 Qxb3 10. axb3 Bxd3 11. Rc1 Na6 12. Rc3 O-O-O 13. Ng5 Nh6 14. h3 e6
15. f3 Bb4 16. Rc1 Nc5 17. f4 Ba6 18. Bc3 Nd3+ 19. Kd1 Nxc1 20. Kxc1 Ba3+ 21.
Kc2 Bd3+ 22. Kd1 Rd7 23. Nf3 c5 24. g4 Be4 25. Rf1 g6 26. g5 Nf5 27. Ne1 Ne3+
28. Ke2 Nxf1 29. Kxf1 h6 30. gxh6 Rxh6 31. Ke2 Rxh3 32. Kd1 Rxc3 33. d3 Bxd3 34.
Nxd3 Rdxd3+ 35. Ke2 f5 36. Ke1 Rc2 0-1

[Event "Brasileiro e não desisto nunca"]
[Site "http://www.queenalice.com/game.php?id=500835"]
[Date "2008.12.1"]
[Round "-"]
[White "jw16js"]
[Black "sandokan"]
[Result "0-1"]
[WhiteElo "1574"]
[BlackElo "1321"]

1. c4 e6 2. d4 d5 3. c5 Nc6 4. e3 Nf6 5. Bb5 a6 6. Bxc6+ bxc6 7. Nc3 Be7 8. Qf3
e5 9. dxe5 Ng4 10. h3 Nxe5 11. Qd1 Bxc5 12. a3 Qg5 13. g3 O-O 14. e4 Qg6 15.
exd5 Nd3+ 16. Kf1 Nxf2 17. Qf3 Nxh1 18. Qxh1 Qxg3 19. Ne4 Qd3+ 20. Ne2 Qd1+ 21.
Kg2 Qxe2+ 22. Kg3 Qd3+ 23. Kh2 Qxh3# 0-1

[Event "Challenge?"]
[Site "http://www.queenalice.com/game.php?id=510044"]
[Date "2008.12.19"]
[Round "-"]
[White "phystutordotcom"]
[Black "sandokan"]
[Result "0-1"]
[WhiteElo "1919"]
[BlackElo "1347"]

1. Nf3 Nf6 2. g3 g6 3. Bg2 Bg7 4. O-O d5 5. d3 Nc6 6. Nbd2 e5 7. e4 d4 8. Nc4
Bg4 9. h3 Bxf3 10. Qxf3 b5 11. Nd2 O-O 12. Qe2 b4 13. f4 Re8 14. Nf3 exf4 15.
gxf4 Nd5 16. Qf2 Ne3 17. Bxe3 dxe3 18. Qxe3 Bxb2 19. Rab1 Bc3 20. Kh1 Nd4 21.
Nxd4 Bxd4 22. Qf3 c5 23. e5 Qa5 24. Qd5 Rad8 25. Qc4 h5 26. Bd5 Re7 27. Rbe1 h4
28. Re2 Red7 29. Be4 Kh8 30. Rg2 f5 31. exf6 Bxf6 32. Rxg6 Bg7 33. f5 Rd4 34.
Qf7 R4d7 35. Qe6 Qa4 36. Rf4 Bd4 37. Rxh4+ Rh7 38. Rxh7+ Kxh7 39. Qf7+ Kh8 40.
Qg7+ Bxg7 0-1

[Event "Challenge"]
[Site "http://www.queenalice.com/game.php?id=511048"]
[Date "2008.12.21"]
[Round "-"]
[White "magalhaes_br"]
[Black "sandokan"]
[Result "0-1"]
[WhiteElo "1337"]
[BlackElo "1393"]

1. e4 g6 2. d3 Bg7 3. Nf3 d6 4. Nbd2 e5 5. c3 Nc6 6. d4 exd4 7. Nxd4 Bxd4 8.
cxd4 Nxd4 9. Nc4 Nc6 10. Qd5 Nf6 11. Bd3 Nxd5 12. exd5 Nb4 13. Be4 Qe7 14. f3
Nc2+ 15. Kf2 Nxa1 16. Bh6 Qh4+ 17. g3 Qxh6 18. Rxa1 Qxh2+ 19. Ke3 f5 20. Bd3 O-O
21. a4 Re8+ 22. Kf4 Qh6# 0-1

[Event "Let's Play Chess!"]
[Site "http://www.queenalice.com/game.php?id=518984"]
[Date "2009.1.11"]
[Round "-"]
[White "An0nymous"]
[Black "sandokan"]
[Result "0-1"]
[WhiteElo "1445"]
[BlackElo "1407"]

1. e4 e6 2. Nf3 d5 3. d3 dxe4 4. dxe4 Qxd1+ 5. Kxd1 Bc5 6. Bf4 Bxf2 7. Bxc7 Nf6
8. Bxb8 Rxb8 9. Nc3 O-O 10. Bd3 Be3 11. Re1 Ng4 12. h3 Nf2+ 13. Ke2 Bc5 14. Rf1
Nxd3 15. Kxd3 b5 16. a3 Rd8+ 17. Ke2 a5 18. Rad1 Bb7 19. Nxb5 Bxe4 20. Nc3 Bxc2
21. Rxd8+ Rxd8 22. Na2 Bd3+ 23. Ke1 Bxf1 24. Kxf1 Rd1+ 25. Ke2 Rb1 26. b4 axb4
27. axb4 Rb2+ 28. Kf1 Be3 29. Nc3 Rf2+ 30. Ke1 Rxg2 31. b5 f5 32. Na4 Rf2 33.
Nh4 Ra2 34. Nc3 Bd2+ 0-1

[Event "Jesus Cristo-o Verdadeiro Deus"]
[Site "http://www.queenalice.com/game.php?id=520814"]
[Date "2009.1.11"]
[Round "-"]
[White "jw16js"]
[Black "sandokan"]
[Result "0-1"]
[WhiteElo "1546"]
[BlackElo "1425"]

1. e4 c6 2. Nf3 d5 3. e5 Bf5 4. Be2 e6 5. d4 Qa5+ 6. Bd2 Qb6 7. Bc3 Bb4 8. O-O
Bxc3 9. bxc3 Qb2 10. Nbd2 Bxc2 11. Qe1 b5 12. a3 Ne7 13. Ng5 h6 14. Nh3 Qxc3 15.
Nf3 Qxe1 16. Nxe1 Bf5 17. g4 Bg6 18. f4 O-O 19. g5 Bf5 20. Rf3 Bg4 21. Re3 Nf5
22. Nf2 Nxe3 23. Bxg4 hxg5 24. fxg5 Nd7 25. Be2 a5 26. h4 Rfb8 27. Ned3 Nc2 28.
Ra2 Nxd4 29. Bd1 b4 30. axb4 axb4 31. Ba4 b3 32. Ra3 b2 33. Nxb2 Rxb2 34. Nd1
Rb1 35. Bxc6 Rxa3 36. Bxd7 Rxd1+ 37. Kf2 Rd2+ 38. Ke1 Re2+ 0-1

[Event "Let's Play Chess!"]
[Site "http://www.queenalice.com/game.php?id=521300"]
[Date "2009.1.12"]
[Round "-"]
[White "CampbellMarcel"]
[Black "sandokan"]
[Result "0-1"]
[WhiteElo "1746"]
[BlackElo "1446"]

1. e4 Nc6 2. Bb5 Nf6 3. Bxc6 dxc6 4. d3 e5 5. Bg5 Bd6 6. Nd2 O-O 7. Qe2 Be6 8.
a3 h6 9. Bh4 Re8 10. c4 g5 11. Bg3 b5 12. b3 Bd7 13. h4 gxh4 14. Bxh4 bxc4 15.
Nxc4 Bc5 16. Nf3 Bg4 17. Qd2 Bxf3 18. gxf3 Qd4 19. O-O Re6 20. Ne3 Nh5 21. b4
Rg6+ 22. Ng4 Bd6 23. Kh2 Nf4 24. Rad1 c5 25. Rg1 cxb4 26. Nxh6+ Kf8 27. Nf5 Qc3
28. Nxd6 Qxd2 29. Rxd2 Rxd6 30. axb4 Nxd3 31. Rb1 Rb8 32. b5 a6 33. Rc2 c5 34.
Rb3 Rxb5 35. Ra3 Kg8 36. Be7 Rh6+ 37. Kg3 Rb1 38. Kg2 Nf4+ 39. Kg3 Rg1# 0-1

[Event "BRA 0 x POR 0"]
[Site "http://www.queenalice.com/game.php?id=524282"]
[Date "2009.1.17"]
[Round "-"]
[White "claudiocaire"]
[Black "sandokan"]
[Result "0-1"]
[WhiteElo "1557"]
[BlackElo "1474"]

1. e4 c5 2. Bc4 e6 3. Qf3 Nc6 4. Nc3 Ne5 5. Qe2 Nxc4 6. Qxc4 Nf6 7. e5 d5 8. Qe2
Nd7 9. Nf3 d4 10. Ne4 Qc7 11. c3 Nxe5 12. cxd4 Nxf3+ 13. gxf3 cxd4 14. Qd3 f5
15. Ng5 Bc5 16. b4 Qe5+ 17. Kd1 Bxb4 18. Bb2 Bc5 19. Nh3 Bd7 20. f4 Qd5 21. Rg1
O-O 22. Qg3 Ba4+ 23. Kc1 Qc4+ 24. Bc3 Ba3+ 25. Kb1 Qb5+ 26. Bb4 Qxb4+ 27. Qb3
Bxb3 28. axb3 Qxb3# 0-1

[Event "AMISTOSO"]
[Site "http://www.queenalice.com/game.php?id=526198"]
[Date "2009.1.20"]
[Round "-"]
[White "sandokan"]
[Black "raszytko"]
[Result "0-1"]
[WhiteElo "1493"]
[BlackElo "2254"]

1. c4 c6 2. e4 d5 3. exd5 cxd5 4. d4 Nf6 5. Nc3 Nc6 6. Bg5 Be6 7. Bxf6 gxf6 8.
cxd5 Bxd5 9. Nxd5 Qxd5 10. Ne2 O-O-O 11. Qc1 e5 12. dxe5 Bb4+ 13. Nc3 Rhe8 14.
f4 Nxe5 15. Kf2 Bc5+ 16. Qe3 Qd2+ 17. Be2 Qxe3+ 18. Kf1 Qf2# 0-1

[Event "Let's Play Chess!"]
[Site "http://www.queenalice.com/game.php?id=529921"]
[Date "2009.1.27"]
[Round "-"]
[White "sandokan"]
[Black "CampbellMarcel"]
[Result "1-0"]
[WhiteElo "1491"]
[BlackElo "1774"]

1. d4 f5 2. Bg5 Nc6 3. d5 Ne5 4. e3 h6 5. Bf4 d6 6. Bxe5 dxe5 7. Qh5+ Kd7 8.
Qxf5+ Ke8 9. Bb5+ c6 10. Bxc6+ bxc6 11. Qg6+ 1-0

[Event "Let's Play Chess!"]
[Site "http://www.queenalice.com/game.php?id=532849"]
[Date "2009.2.1"]
[Round "-"]
[White "sandokan"]
[Black "CampbellMarcel"]
[Result "1-0"]
[WhiteElo "1518"]
[BlackElo "1590"]

1. d4 f5 2. g3 Nf6 3. Bg2 c6 4. c4 e6 5. e3 Bb4+ 6. Bd2 Be7 7. Nc3 O-O 8. Nf3
Ne4 9. Nxe4 fxe4 10. Ne5 d5 11. cxd5 exd5 12. f3 exf3 13. Nxf3 Bg4 14. O-O Nd7
15. a4 Nf6 16. h3 Bh5 17. g4 Bg6 18. Ne5 Be8 19. b3 Bd6 20. Bc3 Bxe5 21. dxe5
Ne4 22. Rxf8+ Kxf8 23. Bd4 Bg6 24. a5 c5 25. Bxe4 cxd4 26. Bxg6 hxg6 27. Qxd4
Qh4 28. Rf1+ Kg8 29. Qxd5+ Kh7 30. Qxb7 Qg3+ 31. Qg2 Qxe3+ 32. Qf2 Qxh3 33. Qf3
Qxf3 34. Rxf3 Re8 35. Re3 Kh6 36. b4 Kg5 37. Re4 Re6 38. b5 Kh4 39. Kf2 g5 40.
a6 Kh3 41. Kf3 Kh2 42. Re2+ Kh3 43. Re1 Kh2 44. Re4 g6 45. Re2+ 1-0

[Event "Let's Play Chess!"]
[Site "http://www.queenalice.com/game.php?id=543615"]
[Date "2009.2.21"]
[Round "-"]
[White "sandokan"]
[Black "microcephalec"]
[Result "0-1"]
[WhiteElo "1537"]
[BlackElo "1749"]

1. c4 Nf6 2. Nc3 g6 3. e4 d6 4. d4 Bg7 5. f3 e6 6. Qa4+ Bd7 7. Qb3 O-O 8. Nge2
Nc6 9. Qxb7 Rb8 10. Qa6 Nb4 11. Qxa7 Nc2+ 12. Kd2 Nxa1 13. h3 Nh5 14. g4 Qg5+
15. Kd3 Qh4 16. gxh5 gxh5 17. f4 e5 18. dxe5 dxe5 19. Nd4 exd4 20. Qxc7 dxc3 21.
Qxd7 Rbd8 22. Qxd8 Rxd8+ 23. Ke2 cxb2 24. Bxb2 Bxb2 25. Rg1+ Kh8 26. Kf3 Bd4 27.
Rh1 Qf2# 0-1